000 01022nam a22003017a 4500
001 8007
003 FISKH
005 20250818153758.0
008 250818b cb ||||| |||| 00| 0 eng d
020 _a9780312602390
040 _aFISKH
_beng
_cFISKH
_dFISKH
050 _aPZ7.R935 C
082 _a813.6
100 _aRutkoski, Marie
245 _aThe cabinet of Wonders /
_cBy Marie Rutkoski
260 _aNew York :
_bFarrar, Straus and Giroux ,
_c2008.
300 _a272 pages :
_billustrations ;
_c20 cm .
490 _aThe Kronos Chronicles
_vBook 1
505 _aR
520 _aTwelve-year-old Petra, accompanied by her magical tin spider, goes to Prague hoping to retrieve the enchanted eyes the Prince of Bohemia took from her father, and is aided in her quest by a Roma boy and his sister.
521 8 _a720
_bLexile
521 8 _aR
_bRaz-Plus
650 _aMagic
_vFiction
650 _aPrinces
_vFiction
650 _aRomanies
_vFiction
942 _2ddc
_cBK
_n0
999 _c8007
_d8007